| 000 | 00623nam a2200193Ia 4500 | ||
|---|---|---|---|
| 008 | 220501s2021 xx 000 0 eng d | ||
| 020 | _a9789353502362 | ||
| 082 | _a658.403 AND-I | ||
| 100 | _aAnderson, David R. | ||
| 245 | 0 |
_aIntroduction to management science : quantitative approaches to decision making _cDavid R. Anderson... [et al.] |
|
| 260 |
_aDelhi _bCengage _c2021 |
||
| 300 | _axxvii, 877 | ||
| 650 | _aManagement science | ||
| 650 | _aManagement science - Mathematical models | ||
| 650 | _aOperations Management | ||
| 700 | _aSweeney, Dennis J. | ||
| 700 | _aWilliams, Thomas A. | ||
| 942 |
_2ddc _cREF _07 |
||
| 999 |
_c18193 _d18193 |
||